| 000 | 02047nam0a2200361 4500 | ||
|---|---|---|---|
| 001 | RU\NLR\BIBL_A\011386577 | ||
| 005 | 20260407232658.0 | ||
| 010 |
_a978-5-8064-2328-4 _9500 |
||
| 021 |
_aRU _b2017-28301 _92088 |
||
| 035 | _a(NLR Aleph) 011386577 | ||
| 035 | _a(RuMoRGB)008861014 | ||
| 090 |
_a11431011 _c11431011 |
||
| 100 | _a20170517d2016 |||y0rusy50 ca | ||
| 101 | 0 | _arus | |
| 102 | _aRU | ||
| 105 | _aa|||z|||000yy | ||
| 200 | 1 |
_aВзаимодействие органов студенческого самоуправления и администрации вуза _e[методические рекомендации] _fРоссийский государственный педагогический университет им. А.И. Герцена, Управление развитием воспитательной деятельности _g[Р.У. Богданова и др. _gпод ред. Р.У. Богдановой] |
|
| 210 |
_aСанкт-Петербург _cИзд-во РГПУ _d2016 |
||
| 215 |
_a170 с. _cил. _d21 |
||
| 320 | _aБиблиогр. в конце разд. | ||
| 606 | 1 |
_aСтуденческое самоуправление _jМетодические пособия _92450265 _3RU\NLR\AUTH\661456898 |
|
| 610 | 0 | _aсамоуправление студентов | |
| 610 | 0 | _aуправление вузом | |
| 686 |
_aЧ481,6(2)431я81 _2rubbk |
||
| 686 | 1 | _aЧ481.431я8 | |
| 702 | 1 |
_4220 _8rus _7ca _aБогданова _bР. У. _cд-р пед. наук _gРаиса Умяровна _3RU\NLR\AUTH\7722482 _95539 |
|
| 712 | 0 | 2 |
_4570 _aРоссийский государственный педагогический университет им. А. И. Герцена _cСанкт-Петербург _bУправление развитием воспитательной деятельности _3RU\NLR\AUTH\8810158633 _9812724 |
| 942 | _cBOOK | ||
| 980 | _aNB | ||
| 980 | _aNBR | ||